|
|
|
|
| LEADER |
00000nab a2200000 a 4500 |
| 001 |
vtls009484921 |
| 003 |
SK-MaSNL |
| 005 |
20260305043530.0 |
| 008 |
090319c2002 xo r m 000 00slo |
| 015 |
|
|
|a SNBRA2009/03SVKPO
|
| 038 |
|
|
|a SVKPO
|
| 040 |
|
|
|a SVKPOCL
|c slo
|e AACR2
|
| 041 |
0 |
|
|a slo
|b ger
|
| 044 |
|
|
|a xo
|c SK
|
| 080 |
|
|
|a 14(438)
|2 2001
|
| 080 |
|
|
|a 141.7
|2 2001
|
| 080 |
|
|
|a 111.1/.3
|2 2001
|
| 080 |
|
|
|a 165.63
|2 2001
|
| 080 |
|
|
|a 17.026
|2 2001
|
| 100 |
1 |
|
|a Sztumski, Wiesław,
|d 1934-
|4 aut
|9 904263
|
| 245 |
1 |
0 |
|a K otázke chápania pojmu jestvovanie ("istnienie")
|c Wiesław Sztumski ; I. Škodová
|
| 504 |
|
|
|a Bibliogr. odkazy
|
| 650 |
0 |
7 |
|a poľská filozofia
|2 svkpocl
|9 333500
|
| 650 |
0 |
7 |
|a jestvovanie
|2 svkpocl
|9 1388410
|
| 650 |
0 |
7 |
|a filozofické aspekty
|2 svkpocl
|9 3844
|
| 700 |
1 |
|
|a Škodová, I.
|4 trl
|9 833842
|
| 773 |
0 |
|
|t Súčasné podoby filozofovania a filozofie v Poľsku
|d Prešov : Prešovská univerzita, 2002
|g S. 87-102
|z 8080681120
|
| 852 |
|
|
|a SVKPO
|b KIS3GCP
|
| 958 |
|
|
|a SK
|
| 958 |
|
|
|a NB
|
| 958 |
|
|
|a PL
|
| 999 |
|
|
|c 3354049
|d 3355979
|